| 000 | 00387nam a22001457a 4500 | ||
|---|---|---|---|
| 008 | 240810b |||||||| |||| 00| 0 eng d | ||
| 020 | _a9780300056693 | ||
| 082 | _a303.6 | ||
| 100 | _aScott, James C. | ||
| 245 |
_aDomination and the Arts of Resistance: _bHidden Transcripts |
||
| 260 |
_aUK: _bYale, _c1990. |
||
| 300 |
_axviii, 251 p.; _c23.5 Cm. |
||
| 942 | _2ddc | ||
| 999 |
_c9978 _d9979 |
||